000 00996nam a22003257a 4500
001 BR8900121
003 BR-BrBNA
005 20230928093121.0
007 ta
008 230509b bl.||||| |||| 00| 0 por d
040 _aBR-BrBNA
_bpor
_cBiblioteca Nacional de Agricultura
041 _a(Por)
072 _aE16; F01
_b0140
_b0337
_b0120
_b0336
_b0170
_b0180
_b/G514
090 _ 0140 BR8900121
110 1 _aFederacao das Cooperativas de Trigo e Soja do Rio Grande do Sul Ltda., Porto Alegre (Brasil)
_94625
245 1 _aCusto de producao. Lavouras mecanizadas. Previsao safra 1988/89: Aveia, girassol, milho, soja, sorgo. Revisao safra 1988: trigo
260 3 _aPorto Alegre, RS (Brasil):
_c1988.
300 _a23 p.
500 _aNumerical data
650 _aAVEIA
650 _aGIRASSOL
650 _aMILHO
650 _aSOJA
650 _aSORGO
650 _aTRIGO
650 _aCUSTO DE PRODUCAO
650 _aSAFRA
909 _a202309
_bLucia
_c55
_dLucia Elande
942 _cBK
999 _c43089
_d43089